000 00611nam a2200169Ia 4500
008 110201s9999 xx 000 0 und d
082 _bB9640
_aS 1866
100 _aदेसाई दत्ता
245 _aजलयुध्द् की जलक्रांती ?
260 _bलोकवाड्मय गृह
365 _b0
600 _aदेसाई दत्ता
630 _aजलयुध्द् की जलक्रांती ?
700 _aदेसाई दत्ता
730 _aजलयुध्द् की जलक्रांती ?
942 _cBOOK
999 _c835074
_d835071